国家公務員採用総合職試験(大卒程度試験)の区分 - Statistics

General Stats
  • This quiz has been taken 11 times
  • The average score is 5 of 11
Answer Stats
Answer % Correct
経済
91%
政治・国際・人文
82%
法律
82%
工学
64%
化学・生物・薬学
36%
デジタル
27%
数理科学・物理・地球科学
27%
農業科学・水産
27%
森林・自然環境
27%
人間科学
18%
農業農村工学
9%
No matching quizzes found
Score Distribution
Percent of People with Each Score
Percentile by Number Answered
Your Score History
You have not taken this quiz